| 000 | 00565nam a2200217 a 4500 | ||
|---|---|---|---|
| 999 |
_c4698 _d4698 |
||
| 001 | 4698 | ||
| 003 | BD-JhCC | ||
| 005 | 20171203164826.0 | ||
| 008 | 171130s1521 e |||| ||a| 001 0 eng d | ||
| 035 | _a(BD-JhCC)4698 | ||
| 040 |
_aBD-JhCC _dBD-JhCC |
||
| 041 | _aeng | ||
| 082 |
_a355.02 _bMAC 1521 |
||
| 100 | _aMachiavelli, Niccolo | ||
| 245 |
_aThe Art of War / _cNiccolo Machiavelli |
||
| 260 |
_aKansas City : _bThe Bobbs-Merrill Company, _c1521. |
||
| 300 |
_a247 p. : _c20 cm. |
||
| 650 | _aMilitary Art and Science | ||
| 942 |
_2ddc _cBK |
||